logo

REFLEXIONES SOBRE ASPECTOS LEGALES ETICOS Y DEONTOLOGICOS EN LA TRANSMISION DE NOTICIAS EN LAS OFICINAS DE COMUNICACION DE LA GUARDIA CIVIL (Record no. 74801)

MARC details
000 -CABECERA
campo de control de longitud fija 00636nam a2200181Ia 4500
001 - NÚMERO DE CONTROL
campo de control 29703
005 - FECHA Y HORA DE LA ÚLTIMA TRANSACCIÓN
campo de control 20260414093246.0
008 - CÓDIGOS DE INFORMACIÓN DE LONGITUD FIJA
campo de control de longitud fija 260115s9999 xx 000 0 und d
035 ## - NÚMERO DE CONTROL DEL SISTEMA
Número de control de sistema 19815
090 ## - LOCALMENTE ASIGNADO TIPO-LC NÚMERO DE CLASIFICACIÓN (OCLC); NÚMERO DE CLASIFICACIÓN LOCAL (RLIN)
Número de clasificación (OCLC) (R) ; Numero de clasificación CALL (RLIN) (NR) 351.743
100 ## - PUNTO DE ACCESO PRINCIPAL - NOMBRE DE PERSONA
Nombre de persona YUSTE BARRANQUERO ANGEL
245 #0 - MENCIÓN DE TÍTULO
Título REFLEXIONES SOBRE ASPECTOS LEGALES ETICOS Y DEONTOLOGICOS EN LA TRANSMISION DE NOTICIAS EN LAS OFICINAS DE COMUNICACION DE LA GUARDIA CIVIL
260 ## - PUBLICACIÓN, DISTRIBUCIÓN, ETC. (PIE DE IMPRENTA)
Nombre del editor distribuidor etc. EL AUTOR
Fecha de publicación distribución etc. 2005
630 ## - PUNTO DE ACCESO ADICIONAL DE MATERIA--TÍTULO UNIFORME
Título uniforme GUARDIA CIVIL
650 ## - PUNTO DE ACCESO ADICIONAL DE MATERIA--TÉRMINO DE MATERIA
Término de materia o nombre geográfico como elemento inicial ADMINISTRACION PUBLICA
942 ## - ELEMENTOS DE PUNTO DE ACCESO ADICIONAL (KOHA)
Tipo de ítem Koha Monografías
901 ## - ELEMENTOS DE DATOS A LOCAL LDA (RLIN)
a FH
b FH
y BK
p SEH_29703
i 26574
j 351743
c GENERAL
t 1
z DONACION CORREO ORIS PRENSA, 36 X 21 CTMS, 24 PAGS
x 2
Holdings
Estado de retiro Estado de pérdida Estado dañado No para préstamo Localización permanente Ubicación/localización actual Ubicación en estantería Fecha de adquisición Número de inventario Número de control en estantería Número de registro Total de préstamos Código de barras Fecha visto por última vez Número de copia Precio válido a partir de Tipo de ítem Koha Nota pública
        Servicio de Estudios Históricos Servicio de Estudios Históricos   14/04/2026 26574 127 26574   SEH_29703 14/04/2026 1 14/04/2026 Monografías DONACION CORREO ORIS PRENSA, 36 X 21 CTMS, 24 PAGS